000 00406nam a2200133Ia 4500
008 220217s9999||||xx |||||||||||||| ||und||
020 _a978-81-3121-337-7
082 _a658.403 8 CAV
100 _aCavaleri, Steven and Seivert, Sharon
_97529
245 0 _aKnowledge leadership
260 _aElsevier Academic press
_bXIV 359p.;28cm
_c2008
300 _aXIV,359p.;28cm
_b395
650 _aGENERAL BOOKS
999 _c181131
_d181131